Peces emigrantes
I tiakina i:
| Kaituhi matua: | |
|---|---|
| Hōputu: | Pukapuka |
| Reo: | Pāniora |
| I whakaputaina: |
Barcelona
Garriga
1963
|
| Ngā marau: | |
| Ngā Tūtohu: |
Tāpirihia he Tūtohu
Kāore He Tūtohu, Me noho koe te mea tuatahi ki te tūtohu i tēnei pūkete!
|
MARC
| LEADER | 00000cam a2200000 a 4500 | ||
|---|---|---|---|
| 001 | UCN6772 | ||
| 003 | CL-VaPUC | ||
| 008 | 011005e19630000SP |||||||||||||||||spa|d | ||
| 082 | 0 | 4 | |a 597 |b LOP |2 21 |
| 100 | |a López Gómez, J. J. |e autor |9 462604 | ||
| 245 | 1 | 0 | |a Peces emigrantes |
| 300 | |a 260 p | ||
| 942 | |c BK | ||
| 945 | |d 20011005 00:00:00 |a cmena | ||
| 260 | |a Barcelona |b Garriga |c 1963 | ||
| 650 | 7 | |a PECES |2 CL-VaPUC |9 462605 | |
| 650 | 0 | |a Anguila |9 462606 | |
| 650 | 7 | |a ESTURION |2 CL-VaPUC |9 462607 | |
| 650 | 7 | |a CAVIAR |2 CL-VaPUC |9 462608 | |
| 650 | 7 | |a SALMON |2 CL-VaPUC |9 261349 | |
| 650 | 7 | |a LAMPREA |2 CL-VaPUC |9 462609 | |
| 650 | 0 | |a Arenque |9 462610 | |
| 650 | 7 | |a SARDINA |2 CL-VaPUC |9 462611 | |
| 650 | 0 | |a Plancton |9 261727 | |
| 650 | 7 | |a TIBURON DEL SOL |2 CL-VaPUC |9 462612 | |
| 650 | 7 | |a CAZON |2 CL-VaPUC |9 462613 | |
| 650 | 7 | |a MERLUZA |2 CL-VaPUC |9 462614 | |
| 650 | 0 | |a Bacalao |9 407449 | |
| 650 | 0 | |a Atún |9 261855 | |
| 583 | |a last modification |c 20160922 04:10:49 |k Rodrigo Vera | ||
| 999 | |c 297451 |d 297449 | ||
| 952 | |0 0 |1 0 |2 ddc |4 0 |6 597_000000000000000_LOP_1963 |7 0 |8 CCM |9 352184 |a BIBCUR |b BIBCUR |c PAC |d 2019-11-21 |i 3759296 |o 597 LOP 1963 |p 3759296 |r 2025-04-22 |w 2019-11-21 |y BK |k CIM | ||
| 952 | |0 0 |1 0 |2 ddc |3 erd |4 0 |6 597_000000000000000_LOP_1963 |7 0 |8 CCM |9 352185 |a BIBCUR |b BIBCUR |c PAC |i 5342627 |o 597 LOP 1963 |p 5342627 |r 2025-04-22 |w 2019-11-21 |y BK |z Catalogado en:20160922 |k CIM | ||